[Event "EYCC Open U10 2021"]
[Site "Tornelo"]
[Date "2021.10.15"]
[Round "7.10"]
[White "Kocharyan, Vache"]
[Black "Ahmad, Khagan"]
[Result "1-0"]
[WhiteElo "1367"]
[BlackElo "2009"]
[Annotator "TA"]
[PlyCount "129"]
[EventDate "2021.10.15"]
[EventType "swiss"]
[EventCountry "NET"]
[SourceTitle "playchess.com"]
[Source "ChessBase"]
[SourceQuality "1"]

{[%evp 15,128,10,29,7,22,0,60,0,18,0,0,0,0,-3,6,-16,-29,-25,-8,-17,0,-13,-8,-6,-20,-28,-27,-39,-25,-27,-31,-22,-15,-29,-26,-39,-25,-35,-37,-35,-20,-27,-14,-39,-34,-39,-30,-38,-44,-49,-44,-167,-162,-168,-157,-153,-153,-156,-129,-131,-104,-147,-149,-204,-192,-222,-199,-207,-101,-106,-105,-134,-121,-123,-106,-109,-82,-74,-82,-84,-75,-85,0,-84,-83,-107,0,-5,0,-86,0,-44,0,-41,0,-239,0,0,402,0,0,8,8,7,90,0,217,38,42,0,0,0,0,0,29999]} 1. d4 Nf6 2. c4 e6 3. Nc3 Bb4 4. e3 O-O 5. Bd3 d5 6. Nf3 c5 7. O-O cxd4 8. exd4 Nc6 9. Bg5 {D26: Queen's Gambit Accepted: 4 e3 e6 5 Bxc5 c5 sidelines.} Be7 10. Rc1 Nb4 (10... dxc4 $11 11. Bxc4 h6) 11. Be2 {White is slightly better.} dxc4 12. Bxc4 {[#]} b6 $146 ({Predecessor:} 12... h6 13. Bf4 Nfd5 14. Nxd5 Nxd5 15. Bg3 Bd6 16. Bxd6 Qxd6 17. Re1 Bd7 18. Qb3 Bc6 19. Ne5 a6 20. Nxc6 bxc6 21. Bxd5 Qxd5 22. Qxd5 cxd5 {0-1 (56) Ho,T-Tran Dang Hong,L Can Tho 2003}) 13. Ne5 {And now a3 would win.} Bb7 14. Re1 Nbd5 15. Bd3 h6 16. Bh4 Nf4 17. Bf1 N6d5 18. Bxe7 Nxe7 19. Qg4 Nfd5 ({Not} 19... Qxd4 $2 20. Nb5 $18) 20. Red1 Nf6 21. Qe2 Ned5 22. Qd2 Qe7 23. Bd3 Rfd8 24. Bb1 Rac8 25. f3 Rc7 26. Ne4 Rdc8 27. a3 a5 28. Ng3 Qd8 29. Ne2 Ba6 30. Rxc7 Rxc7 31. Nc1 Qd6 32. Nb3 Nd7 33. Rc1 (33. Nd3 $15) 33... Rxc1+ 34. Nxc1 Nxe5 35. dxe5 Qxe5 36. g3 Bb7 37. Kf2 g6 38. Ne2 Ba6 39. Nc1 (39. Be4 $17 {is a better defense.}) 39... h5 $19 40. Nb3 h4 41. Nd4 Bb7 (41... Nf6 $19 {is more deadly.} 42. Qf4 Qxf4 43. gxf4 Nd5) 42. Be4 $17 f5 43. Bb1 hxg3+ 44. hxg3 f4 45. g4 Qg5 {Hoping for ...Ne3.} 46. Be4 Qh4+ 47. Kg1 Qg3+ 48. Kh1 Qh4+ 49. Kg1 Qf6 50. Kf2 e5 (50... g5 $17 51. b3 Kf7) 51. Ne2 $11 Qd6 52. Kg1 (52. Ke1 $11 {remains equal.} Qc5 53. Qd3) 52... Kg7 (52... Qc5+ $1 $17 53. Kh2 Bc6) 53. Kh1 {next Nc3 is good for White.} Qc5 54. g5 Qe3 55. Qc2 (55. Qd1 $1 $11) 55... Kh8 $2 ({Black should play} 55... Qf2 $19 {aiming for ...Qh4+.} 56. Bxd5 Qh4+ {[%mdl 64] Double Attack, Zwischenzug} 57. Kg1 Qxg5+ 58. Kf2 Bxd5 59. Qc7+ Kh6) 56. Ng1 Kg8 $2 {[%mdl 8192]} (56... Qc5 $11 {and Black stays safe.}) 57. Qh2 $2 ({White should try} 57. Qa4 $18 {Qe8+! would kill now.} Kf8 58. Qd7 {[%mdl 64] Double Attack}) 57... Qc5 58. Qh6 Qd6 59. Bxg6 {Threatening mate with Qh7+.} Qe7 {[#]} (59... Qd7 $1 $11) 60. Be4 (60. Bf5 $1 $16 {[%cal Rf5e6] Threatens to win with Be6+.} Nc7 61. Qxb6) 60... Qg7 $2 {[#]} (60... Ne3 $1 $11 {and Black is okay.}) 61. Qe6+ $2 $40 {[%mdl 128] White mounts an attack.} (61. Nh3 $1 $18 Kf8 62. Qe6) 61... Qf7 $14 62. Bh7+ Kf8 63. Qd6+ Qe7 $1 {[%cal Re7d6]} 64. Qb8+ Kg7 $2 {[%mdl 8192]} (64... Qe8 $11 65. Qd6+ (65. Qxb7 $2 Qh5+ {[%mdl 64] Double Attack} 66. Nh3 Qxh3+ 67. Kg1 Qg3+ {[%mdl 64] Double Attack} 68. Kh1 Qe1+ 69. Kh2 Qg3+ 70. Kh1 Qh4+ 71. Kg1 Qg3+ 72. Kh1 $19) 65... Qe7 {[%mdl 64] Double Attack} 66. Qh6+ (66. Qb8+ Qe8 $14) 66... Qg7) 65. Qg8# {Quite a comeback for White.  Weighted Error Value: White=0.37/Black=0.46} 1-0

[Event "EYCC Open U10 2021"]
[Site "Tornelo"]
[Date "2021.10.15"]
[Round "7.11"]
[White "Golis, Wiktor"]
[Black "Nemitz, Alfred"]
[Result "1-0"]
[WhiteElo "1684"]
[BlackElo "1450"]
[Annotator "NA RC"]
[PlyCount "47"]
[EventDate "2021.10.15"]
[EventType "swiss"]
[EventCountry "NET"]
[SourceTitle "playchess.com"]
[Source "ChessBase"]
[SourceQuality "1"]
[TimeControl "5400+30"]

1. d4 {[%emt 0:00:30]} d6 {[%emt 0:01:32]} 2. e4 {[%emt 0:00:11]} Nf6 {[%emt 0:00:08]} 3. Nc3 {[%emt 0:00:17]} Nbd7 {[%emt 0:00:17]} 4. g4 {[%emt 0:00:14]} h6 {[%emt 0:00:24]} 5. h3 {[%emt 0:00:20]} e5 {[%emt 0:00:09]} 6. Nge2 {[%emt 0:00:32]} exd4 {[%emt 0:03:43]} 7. Qxd4 {[%emt 0:01:36]} g6 {[%emt 0:06:59]} 8. g5 {[%emt 0:04:04]} hxg5 {[%emt 0:00:18]} 9. Bxg5 {[%emt 0:00:08]} Bg7 {[%emt 0:00:33]} 10. O-O-O {[%emt 0:00:30]} Ne5 {[%emt 0:01:46]} 11. Bg2 {[%emt 0:02:37]} Be6 {[%emt 0:06:23]} 12. f4 {[%emt 0:01:38]} Nc6 {[%emt 0:01:54]} 13. Qa4 {[%emt 0:02:11]} Bd7 {[%emt 0:07:13]} 14. Qb3 {[%emt 0:02:51]} O-O {[%emt 0:05:08]} 15. e5 {[%emt 0:01:48]} dxe5 {[%emt 0:00:56]} 16. Bxc6 {[%emt 0:00:44]} bxc6 {[%emt 0:02:52]} 17. fxe5 {[%emt 0:00:16]} Rb8 {[%emt 0:05:12]} 18. Qa3 {[%emt 0:01:17]} Re8 {[%emt 0:10:03]} 19. exf6 {[%emt 0:00:44]} Bf8 {[%emt 0:01:14]} 20. Qa6 {[%emt 0:04:05]} Re5 {[%emt 0:04:38]} 21. Qd3 {[%emt 0:02:05]} Bd6 {[%emt 0:03:03]} 22. Bf4 {[%emt 0:01:53]} Bf5 {[%emt 0:00:15]} 23. Qc4 {[%emt 0:01:17]} Be6 {[%emt 0:03:35]} 24. Qxc6 {[%emt 0:02:23]} 1-0

[Event "EYCC Open U10 2021"]
[Site "Tornelo"]
[Date "2021.10.15"]
[Round "7.12"]
[White "Karpenko, Anton"]
[Black "Boldyrev, Maxim"]
[Result "1-0"]
[WhiteElo "1634"]
[BlackElo "1327"]
[Annotator "NA RC"]
[PlyCount "73"]
[EventDate "2021.10.15"]
[EventType "swiss"]
[EventCountry "NET"]
[SourceTitle "playchess.com"]
[Source "ChessBase"]
[SourceQuality "1"]
[TimeControl "5400+30"]

1. d4 {[%emt 0:00:30]} Nf6 {[%emt 0:00:34]} 2. c4 {[%emt 0:00:04]} g6 {[%emt 0:00:01]} 3. g3 {[%emt 0:00:03]} Bg7 {[%emt 0:00:02]} 4. Bg2 {[%emt 0:00:03]} O-O {[%emt 0:00:02]} 5. Nc3 {[%emt 0:00:03]} d6 {[%emt 0:00:02]} 6. Nf3 {[%emt 0:00:02]} Nc6 {[%emt 0:00:03]} 7. O-O {[%emt 0:00:04]} e5 {[%emt 0:00:05]} 8. dxe5 {[%emt 0:00:03]} dxe5 {[%emt 0:00:10]} 9. Bg5 {[%emt 0:00:03]} Be6 {[%emt 0:00:19]} 10. Qc1 {[%emt 0:00:04]} Bxc4 {[%emt 0:01:08]} 11. Nd2 {[%emt 0:00:07]} Ba6 {[%emt 0:00:28]} 12. Nde4 {[%emt 0:00:04]} Nd4 {[%emt 0:00:16]} 13. Re1 {[%emt 0:07:43]} c6 {[%emt 0:07:04]} 14. f4 {[%emt 0:01:45]} exf4 {[%emt 0:06:46]} 15. gxf4 {[%emt 0:00:39]} Ne6 {[%emt 0:04:09]} 16. Nxf6+ {[%emt 0:02:07]} Bxf6 {[%emt 0:00:19]} 17. Bh6 {[%emt 0:00:04]} Bg7 {[%emt 0:01:07]} 18. Bxg7 {[%emt 0:03:48]} Kxg7 {[%emt 0:00:11]} 19. e3 {[%emt 0:04:42]} Kg8 {[%emt 0:08:38]} 20. Ne4 {[%emt 0:17:08]} f5 {[%emt 0:00:30]} 21. Nc5 {[%emt 0:00:08]} Qb8 {[%emt 0:01:19]} 22. Nxe6 {[%emt 0:00:35]} Rf6 {[%emt 0:14:59]} 23. Nc5 {[%emt 0:00:13]} Qe8 {[%emt 0:00:17]} 24. Nxa6 {[%emt 0:00:12]} bxa6 {[%emt 0:00:06]} 25. Qc4+ {[%emt 0:00:09]} Kg7 {[%emt 0:00:11]} 26. Rad1 {[%emt 0:00:23]} h6 {[%emt 0:00:23]} 27. e4 {[%emt 0:00:24]} Rd8 {[%emt 0:01:10]} 28. e5 {[%emt 0:00:11]} Re6 {[%emt 0:00:13]} 29. Rxd8 {[%emt 0:00:11]} Qxd8 {[%emt 0:00:04]} 30. Qxe6 {[%emt 0:00:04]} Qd4+ {[%emt 0:00:04]} 31. Kh1 {[%emt 0:00:03]} Qd2 {[%emt 0:00:17]} 32. Qf6+ {[%emt 0:00:05]} Kh7 {[%emt 0:00:04]} 33. Rf1 {[%emt 0:00:06]} Qxb2 {[%emt 0:00:09]} 34. Qf7+ {[%emt 0:00:05]} Kh8 {[%emt 0:00:05]} 35. e6 {[%emt 0:00:03]} Qxa2 {[%emt 0:00:02]} 36. Qf8+ {[%emt 0:00:02]} Kh7 {[%emt 0:00:02]} 37. e7 {[%emt 0:00:05]} 1-0

[Event "EYCC Open U10 2021"]
[Site "Tornelo"]
[Date "2021.10.15"]
[Round "8.1"]
[White "Radzimski, Antoni"]
[Black "Negrean, Andrei"]
[Result "1/2-1/2"]
[WhiteElo "1584"]
[BlackElo "1847"]
[Annotator "NA"]
[PlyCount "77"]
[EventDate "2021.10.15"]
[EventType "swiss"]
[EventCountry "NET"]
[SourceTitle "playchess.com"]
[Source "ChessBase"]
[SourceQuality "1"]
[TimeControl "5400+30"]

1. e4 {[%emt 0:00:30]} c5 {[%emt 0:00:45]} 2. Nf3 {[%emt 0:00:09]} Nc6 {[%emt 0:00:18]} 3. d4 {[%emt 0:00:06]} cxd4 {[%emt 0:00:13]} 4. Nxd4 {[%emt 0:00:11]} Qc7 {[%emt 0:00:17]} 5. Nc3 {[%emt 0:00:10]} e6 {[%emt 0:00:13]} 6. g3 {[%emt 0:00:06]} a6 {[%emt 0:00:46]} 7. Bg2 {[%emt 0:00:07]} Nf6 {[%emt 0:00:15]} 8. O-O {[%emt 0:00:13]} Nxd4 {[%emt 0:00:41]} 9. Qxd4 {[%emt 0:00:33]} Bc5 {[%emt 0:00:20]} 10. Bf4 {[%emt 0:00:12]} d6 {[%emt 0:02:06]} 11. Qd2 {[%emt 0:01:02]} h6 {[%emt 0:03:50]} 12. Rad1 {[%emt 0:01:22]} e5 {[%emt 0:01:06]} 13. Be3 {[%emt 0:00:15]} Bg4 {[%emt 0:03:36]} 14. f3 {[%emt 0:03:10]} Be6 {[%emt 0:07:41]} 15. Bxc5 {[%emt 0:01:04]} dxc5 {[%emt 0:01:40]} 16. Nd5 {[%emt 0:00:24]} Bxd5 {[%emt 0:00:58]} 17. exd5 {[%emt 0:00:46]} Qd6 {[%emt 0:01:07]} 18. c4 {[%emt 0:00:16]} O-O {[%emt 0:01:08]} 19. Rfe1 {[%emt 0:09:08]} Nd7 {[%emt 0:08:02]} 20. b3 {[%emt 0:02:53]} f5 {[%emt 0:04:48]} 21. Re2 {[%emt 0:06:57]} b5 {[%emt 0:05:02]} 22. f4 {[%emt 0:10:05]} e4 {[%emt 0:01:23]} 23. g4 {[%emt 0:01:55]} g6 {[%emt 0:18:35]} 24. Rde1 {[%emt 0:08:41]} bxc4 {[%emt 0:08:51]} 25. bxc4 {[%emt 0:00:32]} Nb6 {[%emt 0:01:16]} 26. gxf5 {[%emt 0:00:53]} gxf5 {[%emt 0:01:43]} 27. Re3 {[%emt 0:01:53]} Qf6 {[%emt 0:04:43]} 28. Qe2 {[%emt 0:03:03]} Kh7 {[%emt 0:08:13]} 29. Kh1 {[%emt 0:01:45]} Rg8 {[%emt 0:02:57]} 30. Bh3 {[%emt 0:02:58]} Raf8 {[%emt 0:03:16]} 31. Rb1 {[%emt 0:01:40]} Nc8 {[%emt 0:05:49]} 32. Rg3 {[%emt 0:01:20]} Nd6 {[%emt 0:04:13]} 33. Rb6 {[%emt 0:02:35]} Rb8 {[%emt 0:00:31]} 34. Rxd6 {[%emt 0:04:11]} Qxd6 {[%emt 0:00:26]} 35. Bxf5+ {[%emt 0:00:09]} Kh8 {[%emt 0:00:08]} 36. Qxe4 {[%emt 0:01:10]} Qf6 {[%emt 0:00:42]} 37. Rxg8+ {[%emt 0:00:53]} Rxg8 {[%emt 0:00:14]} 38. Qe5 {[%emt 0:01:05]} Rf8 {[%emt 0:00:40]} 39. Be6 {[%emt 0:01:33]} 1/2-1/2

[Event "EYCC Open U10 2021"]
[Site "Tornelo"]
[Date "2021.10.15"]
[Round "8.2"]
[White "Petukhov, Dmitriy"]
[Black "Besou, Hussain"]
[Result "0-1"]
[WhiteElo "1769"]
[BlackElo "1995"]
[Annotator "TA"]
[PlyCount "184"]
[EventDate "2021.10.15"]
[EventType "swiss"]
[EventCountry "NET"]
[SourceTitle "playchess.com"]
[Source "ChessBase"]
[SourceQuality "1"]

{[%evp 18,184,9,0,-3,-9,-6,-6,-6,-11,-6,-14,-4,-7,-6,-6,-4,-10,0,-22,-13,-21,-7,-7,0,-17,45,24,30,31,37,23,31,31,26,22,26,-37,-18,-41,-31,-23,0,0,0,0,15,17,14,9,16,0,0,-19,0,-21,0,-29,0,-17,-9,-35,0,0,0,0,0,0,15,13,59,0,0,0,9,-18,-22,-26,-22,-25,-27,-19,-18,-14,0,-40,-14,-31,-14,-21,0,-68,-66,-49,-30,-41,-48,-53,-36,-50,0,-45,-12,-21,-11,-30,0,-11,0,-38,-15,-22,-16,-28,-16,-36,0,0,-3,0,-8,-39,-11,-14,0,-53,0,-388,-383,-519,-484,-475,-482,-29987,-408,-422,-422,-393,-350,-316,-318,-397,-395,-449,-318,-329,-247,-433,-429,-522,-521,-459,-419,-419,-419,-498,-485,-625,-620,-836,-829,-877,-701,-1030,-820,-822,-785,-962,-950]} 1. d4 Nf6 2. Nf3 e6 3. c4 Bb4+ 4. Bd2 Be7 5. g3 d5 6. Bg2 O-O 7. Qc2 c6 8. O-O Nbd7 9. b3 b6 10. Bc3 Bb7 {E11: Bogo-Indian.} 11. Bb2 Rc8 12. Nbd2 c5 {The position is equal.} 13. Rac1 dxc4 14. Qxc4 a6 15. Qd3 b5 16. Qb1 cxd4 {[#]} 17. Rxc8 $146 ({Predecessor:} 17. Nxd4 Bxg2 18. Kxg2 Qb6 19. Rxc8 Rxc8 20. Rc1 Qb7+ 21. N4f3 h6 22. Ne4 Rxc1 23. Nxf6+ Bxf6 24. Qxc1 Bxb2 25. Qxb2 {½-½ (31) Schmid,L-Unzicker,W Bamberg 1965}) 17... Qxc8 18. Bxd4 Qa8 19. Rc1 h6 20. Ne1 e5 21. Bb2 e4 ({Better is} 21... Bxg2 $11 22. Nxg2 Bc5) 22. Bd4 Re8 23. Nc2 Bf8 24. Ne3 Qb8 25. Ndf1 g6 26. Qb2 Ne5 27. Bxe5 (27. h3 $11) 27... Rxe5 28. h4 Bg7 29. Qd2 Re7 30. Qa5 Ne8 31. h5 Kh7 32. hxg6+ fxg6 33. Qb6 Qe5 34. Rd1 Nf6 35. Nh2 Rf7 36. Qd6 Qe8 37. Qc5 Nd7 38. Qd6 Be5 39. Qb4 Nf6 (39... h5 {is more complex.} 40. Bh3 Nf6 41. Nhf1 Kh6 42. Qd2 Kg7) 40. Nhg4 Nxg4 41. Nxg4 Bg7 42. Ne3 Qe5 43. Qd6 Qe8 44. Qd2 (44. Nd5 $14) 44... Qf8 $11 45. Rf1 h5 46. Qc2 Qe7 47. Rd1 Qf6 48. Rf1 Qe6 49. Qc5 Bf8 50. Qd4 Bg7 51. Qd8 Rd7 (51... Bf6 $5 {[%cal Rf6d8]} 52. Qb8 Bd4 $17) 52. Qg5 Bf6 53. Qf4 {Threatening Bh3!} Bg7 54. Kh2 (54. Qg5 $11) 54... Rf7 $15 55. Qg5 Bh6 56. Qc5 Bf8 57. Qd4 Rd7 58. Qb2 Qf7 59. Qc2 Re7 60. Kg1 Rc7 61. Qb1 Re7 62. Rd1 Bg7 63. a4 Qe6 64. axb5 axb5 65. b4 Rf7 66. Qc2 h4 67. gxh4 Qf6 68. Rf1 $1 Qxh4 {White must now prevent ...Be5.} 69. Qc5 (69. Qb3 $5 {[%cal Rb3f7]} Re7 70. Rd1 $11) 69... Bh6 (69... Bf8 $5 {[%cal Rf8c5]} 70. Qd4 Bc6 $15) 70. Nd5 Bg7 (70... e3 $5 71. f4 $8 Bxd5 72. Qxd5 Rxf4 73. Qd7+ Bg7 74. Rxf4 Qxf4 $11) 71. Qd6 ({White should play} 71. Ne3 $11) 71... Rf5 $40 {[%mdl 128] Black is up to no good.} ({Black should try} 71... Qh5 $15 72. Nf4 {[#]} Be5 $1 73. Nxh5 Bxd6) 72. Ne7 $2 {[%mdl 8192] Black continues to play with concentration.} (72. Ne3 $1 $11 Rf7 73. Qe6) 72... Rg5 $19 {And now ...Be5 would win.} 73. Qd7 {[#]} Rh5 $1 {[%csl Gh5][%cal Rh4h2]} 74. Qc7 {[#]} Be5 $1 {[%csl Ge5,Gh5][%cal Rh4h2]} 75. Nxg6+ (75. Nf5+ $19 Bxc7 76. Nxh4 Rxh4 77. Ra1) 75... Bxc7 (75... Kxg6 $142 76. Ra1 Bxc7 77. e3 Qg4 78. Kf1 Rh2 79. Bxe4+ Qxe4 80. Ra6+ Bxa6 81. Ke2 Qc2+ 82. Kf3 Kg5 83. e4 Qxf2#) 76. Nxh4 Rxh4 77. Rd1 {next Rd7+ is good for White.} Rg4 78. Kf1 Rg7 79. e3 Kg6 80. Rc1 Bb6 81. Rd1 {White wants to play Rd6+.} Kf5 {aiming for ...Ke5.} 82. Rd6 $2 (82. Bh3+ Ke5 83. Bd7) 82... Bc7 83. Rh6 Bd5 84. Rh5+ Ke6 85. Bh3+ Kd6 86. Rh6+ Ke7 {Black is clearly winning.} 87. Bg2 Bd6 88. Rh4 Bxb4 89. Kg1 Kd6 90. Kh1 Re7 91. Bf1 Kc6 92. Rh8 Bd6 {Weighted Error Value: White=0.14/Black=0.13} 0-1

[Event "EYCC Open U10 2021"]
[Site "Tornelo"]
[Date "2021.10.15"]
[Round "8.3"]
[White "Kengurov, Yaroslav"]
[Black "Oikonomopoulos, Filippos"]
[Result "1/2-1/2"]
[WhiteElo "1484"]
[BlackElo "1650"]
[Annotator "NA"]
[PlyCount "135"]
[EventDate "2021.10.15"]
[EventType "swiss"]
[EventCountry "NET"]
[SourceTitle "playchess.com"]
[Source "ChessBase"]
[SourceQuality "1"]
[TimeControl "5400+30"]

1. d4 {[%emt 0:00:30]} d5 {[%emt 0:00:37]} 2. c4 {[%emt 0:00:05]} e6 {[%emt 0:00:10]} 3. Nf3 {[%emt 0:00:05]} c5 {[%emt 0:00:06]} 4. cxd5 {[%emt 0:00:05]} exd5 {[%emt 0:00:05]} 5. g3 {[%emt 0:00:04]} Nc6 {[%emt 0:00:11]} 6. Bg2 {[%emt 0:00:14]} Nf6 {[%emt 0:00:11]} 7. O-O {[%emt 0:00:12]} Be7 {[%emt 0:00:07]} 8. Nc3 {[%emt 0:00:05]} O-O {[%emt 0:00:06]} 9. Bg5 {[%emt 0:00:06]} c4 {[%emt 0:00:08]} 10. Ne5 {[%emt 0:00:12]} Be6 {[%emt 0:00:05]} 11. Nxc6 {[%emt 0:00:06]} bxc6 {[%emt 0:00:02]} 12. b3 {[%emt 0:00:04]} h6 {[%emt 0:00:10]} 13. Bxf6 {[%emt 0:00:52]} Bxf6 {[%emt 0:00:05]} 14. Na4 {[%emt 0:00:30]} Rb8 {[%emt 0:00:56]} 15. Nc5 {[%emt 0:00:38]} Bg4 {[%emt 0:01:25]} 16. Qd2 {[%emt 0:01:09]} Re8 {[%emt 0:03:11]} 17. e3 {[%emt 0:00:14]} Rb5 {[%emt 0:06:31]} 18. Rac1 {[%emt 0:08:25]} cxb3 {[%emt 0:15:54]} 19. Nxb3 {[%emt 0:01:43]} Qb6 {[%emt 0:02:17]} 20. Qc3 {[%emt 0:01:10]} Be2 {[%emt 0:06:58]} 21. Rfe1 {[%emt 0:01:22]} Bc4 {[%emt 0:00:15]} 22. Bf1 {[%emt 0:02:16]} Rb4 {[%emt 0:05:14]} 23. Bxc4 {[%emt 0:03:32]} dxc4 {[%emt 0:02:44]} 24. Nd2 {[%emt 0:00:44]} c5 {[%emt 0:01:48]} 25. Nxc4 {[%emt 0:02:34]} Qa6 {[%emt 0:00:41]} 26. Ne5 {[%emt 0:10:07]} Bxe5 {[%emt 0:06:04]} 27. dxe5 {[%emt 0:00:19]} Rc8 {[%emt 0:02:10]} 28. Rc2 {[%emt 0:03:53]} Ra4 {[%emt 0:03:09]} 29. Ree2 {[%emt 0:04:23]} Qc6 {[%emt 0:10:31]} 30. Red2 {[%emt 0:04:55]} c4 {[%emt 0:06:32]} 31. Rd6 {[%emt 0:08:16]} Qc5 {[%emt 0:02:18]} 32. Rcd2 {[%emt 0:02:06]} Ra3 {[%emt 0:02:44]} 33. Qc2 {[%emt 0:01:02]} Qa5 {[%emt 0:06:00]} 34. Qf5 {[%emt 0:05:20]} Rf8 {[%emt 0:01:18]} 35. R6d5 {[%emt 0:01:20]} Qb4 {[%emt 0:03:50]} 36. R5d4 {[%emt 0:03:45]} Rc3 {[%emt 0:03:15]} 37. e6 {[%emt 0:03:09]} Rc1+ {[%emt 0:02:08]} 38. Kg2 {[%emt 0:01:57]} Qb7+ {[%emt 0:01:57]} 39. Qe4 {[%emt 0:06:22]} Qxe4+ {[%emt 0:01:06]} 40. Rxe4 {[%emt 0:00:06]} fxe6 {[%emt 0:00:07]} 41. Rxe6 {[%emt 0:00:14]} c3 {[%emt 0:01:44]} 42. Rd7 {[%emt 0:03:05]} Rc2 {[%emt 0:01:42]} 43. Ree7 {[%emt 0:01:10]} Rcxf2+ {[%emt 0:00:32]} 44. Kh3 {[%emt 0:00:05]} R2f7 {[%emt 0:00:40]} 45. Rxf7 {[%emt 0:00:13]} Rxf7 {[%emt 0:00:09]} 46. Rd8+ {[%emt 0:01:38]} Rf8 {[%emt 0:00:07]} 47. Rd3 {[%emt 0:00:24]} Rc8 {[%emt 0:00:08]} 48. Rd1 {[%emt 0:00:09]} Kf7 {[%emt 0:00:37]} 49. Kg4 {[%emt 0:00:14]} Ke6 {[%emt 0:01:06]} 50. Kf3 {[%emt 0:00:20]} Ke5 {[%emt 0:01:26]} 51. Rc1 {[%emt 0:00:48]} c2 {[%emt 0:02:32]} 52. Ke2 {[%emt 0:00:23]} Ke4 {[%emt 0:00:05]} 53. a4 {[%emt 0:01:15]} Rc3 {[%emt 0:00:27]} 54. Kd2 {[%emt 0:01:53]} Rxe3 {[%emt 0:02:35]} 55. Rxc2 {[%emt 0:00:23]} Ra3 {[%emt 0:00:07]} 56. Rc4+ {[%emt 0:00:22]} Kf3 {[%emt 0:00:48]} 57. Rc7 {[%emt 0:01:13]} Rxa4 {[%emt 0:00:16]} 58. Rxg7 {[%emt 0:00:11]} a5 {[%emt 0:00:33]} 59. Rf7+ {[%emt 0:00:29]} Kg4 {[%emt 0:00:46]} 60. Rg7+ {[%emt 0:00:16]} Kh3 {[%emt 0:00:23]} 61. Rh7 {[%emt 0:00:10]} Kxh2 {[%emt 0:00:07]} 62. Rxh6+ {[%emt 0:00:05]} Kxg3 {[%emt 0:00:03]} 63. Kc3 {[%emt 0:00:06]} Re4 {[%emt 0:00:40]} 64. Ra6 {[%emt 0:00:29]} a4 {[%emt 0:00:06]} 65. Kb2 {[%emt 0:00:05]} Kf4 {[%emt 0:00:17]} 66. Ka3 {[%emt 0:00:08]} Ke5 {[%emt 0:00:03]} 67. Rxa4 {[%emt 0:00:10]} Rxa4+ {[%emt 0:00:04]} 68. Kxa4 {[%emt 0:00:04]} 1/2-1/2

[Event "EYCC Open U10 2021"]
[Site "Tornelo"]
[Date "2021.10.15"]
[Round "8.4"]
[White "Temirbekov, Taimaz"]
[Black "Surikov, Alexey"]
[Result "1-0"]
[WhiteElo "1573"]
[BlackElo "1548"]
[Annotator "NA"]
[PlyCount "59"]
[EventDate "2021.10.15"]
[EventType "swiss"]
[EventCountry "NET"]
[SourceTitle "playchess.com"]
[Source "ChessBase"]
[SourceQuality "1"]
[TimeControl "5400+30"]

1. e4 {[%emt 0:00:30]} c5 {[%emt 0:00:43]} 2. Nf3 {[%emt 0:00:05]} g6 {[%emt 0:00:38]} 3. d4 {[%emt 0:00:06]} cxd4 {[%emt 0:00:04]} 4. Nxd4 {[%emt 0:00:03]} Nc6 {[%emt 0:00:12]} 5. c4 {[%emt 0:00:25]} Nf6 {[%emt 0:00:37]} 6. Nc3 {[%emt 0:00:08]} d6 {[%emt 0:00:12]} 7. f3 {[%emt 0:00:34]} Bg7 {[%emt 0:00:08]} 8. Be3 {[%emt 0:00:06]} O-O {[%emt 0:00:33]} 9. Qd2 {[%emt 0:00:46]} Nxd4 {[%emt 0:00:54]} 10. Bxd4 {[%emt 0:00:08]} Nd7 {[%emt 0:00:05]} 11. h4 {[%emt 0:06:58]} h5 {[%emt 0:21:34]} 12. O-O-O {[%emt 0:03:25]} Nf6 {[%emt 0:06:54]} 13. g4 {[%emt 0:07:31]} hxg4 {[%emt 0:07:22]} 14. h5 {[%emt 0:00:08]} e5 {[%emt 0:26:13]} 15. h6 {[%emt 0:00:50]} Bh8 {[%emt 0:01:02]} 16. h7+ {[%emt 0:01:42]} Nxh7 {[%emt 0:00:39]} 17. Qh2 {[%emt 0:00:13]} Qg5+ {[%emt 0:00:28]} 18. Be3 {[%emt 0:00:16]} Qh5 {[%emt 0:00:36]} 19. Qg1 {[%emt 0:00:07]} Bg7 {[%emt 0:02:31]} 20. Rxh5 {[%emt 0:00:28]} gxh5 {[%emt 0:00:05]} 21. fxg4 {[%emt 0:00:13]} Bxg4 {[%emt 0:00:24]} 22. Be2 {[%emt 0:00:04]} Bxe2 {[%emt 0:00:07]} 23. Nxe2 {[%emt 0:00:05]} Kh8 {[%emt 0:00:05]} 24. Qh1 {[%emt 0:00:15]} Nf6 {[%emt 0:00:31]} 25. Bg5 {[%emt 0:00:05]} Nh7 {[%emt 0:00:48]} 26. Qxh5 {[%emt 0:00:07]} Kg8 {[%emt 0:00:04]} 27. Bh6 {[%emt 0:00:08]} Nf6 {[%emt 0:01:16]} 28. Qg5 {[%emt 0:00:05]} Ne8 {[%emt 0:00:03]} 29. Bxg7 {[%emt 0:00:02]} Nxg7 {[%emt 0:00:05]} 30. Rg1 {[%emt 0:00:03]} 1-0

[Event "EYCC Open U10 2021"]
[Site "Tornelo"]
[Date "2021.10.15"]
[Round "8.5"]
[White "Cankurt, Arda"]
[Black "Golis, Wiktor"]
[Result "1-0"]
[WhiteElo "1356"]
[BlackElo "1684"]
[Annotator "NA"]
[PlyCount "53"]
[EventDate "2021.10.15"]
[EventType "swiss"]
[EventCountry "NET"]
[SourceTitle "playchess.com"]
[Source "ChessBase"]
[SourceQuality "1"]
[TimeControl "5400+30"]

1. d4 {[%emt 0:00:30]} Nf6 {[%emt 0:00:39]} 2. Nf3 {[%emt 0:00:06]} e6 {[%emt 0:00:09]} 3. e3 {[%emt 0:00:17]} b6 {[%emt 0:00:08]} 4. Bd3 {[%emt 0:00:07]} Bb7 {[%emt 0:00:09]} 5. O-O {[%emt 0:00:13]} Be7 {[%emt 0:00:26]} 6. c4 {[%emt 0:00:13]} O-O {[%emt 0:00:07]} 7. Nc3 {[%emt 0:00:07]} d5 {[%emt 0:00:12]} 8. Ne5 {[%emt 0:00:34]} Nbd7 {[%emt 0:00:34]} 9. f4 {[%emt 0:00:14]} dxc4 {[%emt 0:00:10]} 10. Bxc4 {[%emt 0:00:14]} c5 {[%emt 0:00:12]} 11. Qd3 {[%emt 0:04:48]} Rc8 {[%emt 0:05:14]} 12. Rd1 {[%emt 0:04:16]} cxd4 {[%emt 0:05:25]} 13. exd4 {[%emt 0:01:33]} Qc7 {[%emt 0:00:55]} 14. Bb3 {[%emt 0:09:26]} Rfd8 {[%emt 0:04:35]} 15. Qh3 {[%emt 0:02:24]} Nxe5 {[%emt 0:20:52]} 16. fxe5 {[%emt 0:00:14]} Nd5 {[%emt 0:02:24]} 17. Ne4 {[%emt 0:01:14]} Nb4 {[%emt 0:03:36]} 18. Ng5 {[%emt 0:00:48]} Bxg5 {[%emt 0:06:21]} 19. Bxg5 {[%emt 0:00:08]} Re8 {[%emt 0:00:26]} 20. Qg4 {[%emt 0:02:23]} Kh8 {[%emt 0:01:18]} 21. a3 {[%emt 0:01:04]} Nd5 {[%emt 0:00:43]} 22. Rd3 {[%emt 0:01:07]} h6 {[%emt 0:06:08]} 23. Rh3 {[%emt 0:01:21]} g6 {[%emt 0:06:55]} 24. Rxh6+ {[%emt 0:00:45]} Kg7 {[%emt 0:00:16]} 25. Bxd5 {[%emt 0:00:23]} Bxd5 {[%emt 0:01:28]} 26. Bf6+ {[%emt 0:00:09]} Kxh6 {[%emt 0:00:29]} 27. Qh3# {[%emt 0:00:23]} 1-0